LDR 01123naa#a2200181#i#450# 001 RU\\bibl\121303 005 20260514192834.4 011 ## _a1994-4683 100 ## _a20230803b2023####ek#y0rusy0150####ca 102 ## _aRU 200 1# _aОБУЧЕНИЕ КОМБИНИРОВАННОМУ ПОВОРОТУ ЧИР СПОРТА ДЕВОЧЕК 9-10 ЛЕТ НА ОСНОВЕ УЧЕТА ОСНОВНЫХ ОПОРНЫХ ТОЧЕК В СТАДИЯХ ВЫПОЛНЕНИЯ _eЖурнальная статья 210 1# _aМосква _cНациональный государственный Университет физической культуры, спорта и здоровья им. П.Ф. Лесгафта _d2023 215 ## _a6 с. 608 ## _aЖурнальная статья _2local 675 ## _aРитмические гимнастические упражнения (вольные). Производственная вспомогательная гимнастика. Художественная гимнастика. 796.412 _z 700 #1 _aМорозова _gК Ю 700 #1 _aМухина _gМ П 856 4# _auchzapiski.lesgaft.spb.ru _u